000 00917cam a2200301 a 4500
001 3505788
003 Nust
005 20220829122043.0
008 950608s1996 mau 000 1 eng
010 _a 95021896
020 _a9780752809267
040 _aDLC
_cDLC
_dDLC
043 _an-us---
050 0 0 _aPS3553.O51165
_bP64 1996
082 0 0 _a823
_bCON
100 1 _aConnelly, Michael,
_d1956-
_912066
245 1 4 _aThe poet /
_cMichael Connelly.
250 _a1st ed.
260 _aBoston :
_bLittle, Brown,
_c1996.
300 _a481 p. ;
_c24 cm.
650 0 _aSerial murders
_xFiction.
_912068
650 0 _aPolice murders
_xFiction.
_998582
650 0 _aJournalists
_xFiction.
_998583
655 7 _aDetective and mystery stories.
_2gsafd
906 _a7
_bcbc
_corignew
_d1
_eocip
_f19
_gy-gencatlg
942 _2ddc
_cBK
999 _c174429
_d174429